000
00317nam a22001337a 4500
008
181031b xxu||||| |||| 00| 0 eng d
020
_a
094078081X
041
_a
eng
080
_2
4th
_a
579
100
_a
9
101
_a
MIK
245
_a
Clinical Microbiology made ridiculously simple
_c
Gladwin,M
942
_2
udc
_c
BK
999
_c
51315
_d
51315